000 00846nam a2200253 a 4500
001 46187
003 BD-RjUL
005 20211209054123.0
008 160801s1921 enk 001 0 eng
035 _a(BD-RjUL)46305
035 _a(OCoLC)15357483
040 _aDLC
_cNmU
_dBD-RjUL
_beng
041 _aeng
082 _223
_a332.10941
_bQUE 1921
110 2 _aInstitute of Bankers (Great Britain)
_9141122
245 1 4 _aQuestions on banking practice from vols. I-XXX (inclusive) of the Journal /
_cRevised and issued under the authority of the Council of the institute
250 _a7th ed.
260 _aLondon :
_bBlades, East and Blades,
_c1921
300 _aviii, 599 p.
_c22 cm.
500 _aIncludes index
650 0 _aBanks and banking
_zGreat Britain.
_9133677
650 0 _aBanking law
_zGreat Britain.
_9141123
942 _2ddc
_cBK
999 _c46187
_d46187